banner koha

Morphophysiological aspects of ornamental sunflowers cultivated in different growing seasons under semi-arid conditions (Registro n. 337608)

MARC details
000 -LÍDER
fixed length control field 04596nab a2200361 i 4500
003 - CÓDIGO MARC DA AGÊNCIA CATALOGADORA
Campo de controle BR-BrBNA
005 - DATA E HORA DA ÚLTIMA ATUALIZAÇÃO
Campo de controle 20250813134556.0
008 - CAMPO DE TAMANHO FIXO
fixed length control field 250813b2022 bl.mr|pooa||| 00| 0 eng |
040 ## - FONTE DA CATALOGAÇÃO
Agência catalogadora BR-BrBNA
Idioma da catalogação eng
072 ## - CATEGORIA AGRIS
Código AGRIS F40
Código do objeto 3307
072 ## - CATEGORIA AGRIS
Código AGRIS F60
100 ## - ENTRADA PRINCIPAL - NOME PESSOAL
Nome pessoal Silva, Sheila D. P. da
100 ## - ENTRADA PRINCIPAL - NOME PESSOAL
Nome pessoal Souza, Gracielle P. de
100 ## - ENTRADA PRINCIPAL - NOME PESSOAL
Nome pessoal Chaves, Agnaldo R. de M.
100 ## - ENTRADA PRINCIPAL - NOME PESSOAL
Nome pessoal Silva, Marcelle A. da
100 ## - ENTRADA PRINCIPAL - NOME PESSOAL
Nome pessoal Souza, Rafaela R. de
100 ## - ENTRADA PRINCIPAL - NOME PESSOAL
Nome pessoal Beckmann-Cavalcante, Márkilla Z.
245 ## - TÍTULO PRINCIPAL
Título principal Morphophysiological aspects of ornamental sunflowers cultivated in different growing seasons under semi-arid conditions
500 ## - NOTA GERAL
Nota geral Publicação on-line; 27 ref.; 3 illus; 3 tables; Sumaries (En, Pt)
942 ## - ADDED ENTRY ELEMENTS (KOHA)
Koha item type Analítica
520 ## - NOTA DE RESUMO
Nota de conteúdo <br/><br/>ABSTRACT: Knowledge of how climatic conditions affect plant morphophysiology is essential for understanding how to manage the growth cycles of different crops. The aim of this study was to evaluate the effects of the growing seasons in a semi-arid area on the morphophysiological variables of ornamental sunflower plants. The experiment was carried out in a randomized block design in a split-plot arrangement with four replicates. Six cultivars (‘Bonito de Outono Sortido’, ‘Sol Noturno’, ‘Sol Vermelho’, ‘Jardim Amarelo Alto’, ‘Girassol F1 Sunbright Supreme’ and ‘Girassol F1 Vincents Choice’) were evaluated in the main plots and two different growing seasons (GS) in the subplots (GS1 - warm climate and GS2 - mild climate). Evaluations of gas exchange, chlorophyll indices, and leaf surface area were carried out at the reproductive stage (R5.5). The cultivation of ornamental sunflowers in semi-arid regions was significantly affected by the growing season. Changes in gas exchange variables and the morphophysiology of ornamental sunflower plants in the two growing seasons reflected the high phenotypic plasticity characteristic of this species. The cultivation of ornamental sunflowers under semi-arid conditions in the growing season, when air temperature and solar radiation are high, could be limited due to elevated transpiration rates. Therefore, it is recommended that they are grown mainly during the moderate climatic season in semi-arid regions.<br/><br/>Key words: Helianthus annuus L., cutting flower, photosynthesis, seasonal changes
520 ## - NOTA DE RESUMO
Nota de conteúdo <br/><br/>RESUMO: O conhecimento de como as condições climáticas afetam a morfofisiologia das plantas é essencial para compreender como manejar os ciclos de crescimento das diferentes culturas. O objetivo deste estudo foi avaliar o efeito de épocas de cultivo em condições semiáridas sobre os parâmetros morfofisiológicos e de trocas gasosas de plantas de girassol ornamental. O experimento foi conduzido no delineamento em blocos casualizados arranjado em esquema de parcelas subdivididas com quatro repetições. Foram avaliados seis cultivares (‘Bonito de Outono Sortido’, ‘Sol Noturno’, ‘Sol Vermelho’, ‘Jardim Amarelo Alto’, ‘Girassol F1 Sunbright Supreme’ e ‘Girassol F1 Vincents Choice’) na parcela principal e duas diferente épocas de cultivo (GS) nas subparcelas (GS1 - clima quente e GS2 - clima ameno). As avaliações de trocas gasosas, índices de clorofilas e área foliar foram realizadas na fase reprodutiva (R5.5). O cultivo de girassol de corte no semiárido é afetado significativamente pela época de cultivo. Mudanças nas variáveis de trocas gasosas e morfofisiologia das plantas de girassol ornamental em duas epócas de cultivo, refletem uma característica de alta plasticidade fenotípica dessa espécie. O cultivo de girassol ornamental sobre condições semiáridas em época de cultivo quando a temperatura do ar e radiação solar são altas, pode ser limitada devido às altas taxas de transpiração. Recomenda-se o cultivo de girassol ornamental em épocas de clima moderado em regiões semiáridas.<br/><br/>Palavras-chave: Helianthus annuus L., flores de corte, fotossíntese, sazonalidade
650 ## - ASSUNTO - THESAGRO
Cabeçalho tópico ou nome geográfico FLOR PARA CORTE
650 ## - ASSUNTO - THESAGRO
Cabeçalho tópico ou nome geográfico ÉPOCA DE PLANTIO
650 ## - ASSUNTO - THESAGRO
Cabeçalho tópico ou nome geográfico VEGETAL
650 ## - ASSUNTO - THESAGRO
Cabeçalho tópico ou nome geográfico FOTOSSÍNTESE
650 ## - ASSUNTO - THESAGRO
Cabeçalho tópico ou nome geográfico CONDIÇÃO AMBIENTAL
650 ## - ASSUNTO - THESAGRO
Cabeçalho tópico ou nome geográfico TROCA GASOSA
650 ## - ASSUNTO - THESAGRO
Cabeçalho tópico ou nome geográfico FISIOLOGIA
773 0# - ENTRADA ANALÍTICA
Host Biblionumber 3534
Registro do item 317820
Imprenta Campina Grande-PB Universidade Federal de Campina Grande. Centro de Ciências e Tecnologia 1997
Outro identificador 2024-4539
Título Revista Brasileira de Engenharia Agrícola e Ambiental (Brazil)
ISSN 1415-4366
Colação v. 26 (4) p. 299-305; (2022)
Número de controle de registro BR2025003407
856 ## - ACESSO E ENDEREÇO ELETRÔNICO
Identificador uniforme de recurso - URI https://www.scielo.br/j/rbeaa/a/mbb4mkD6FHkm7GRzRkLZ8Nz/?format=pdf&lang=en

Nenhum exemplar disponível.

BINAGRI

Telefone: (61)3218-2567/2388/3357/2097 - binagri@agro.gov.br

Ministério da Agricultura e Pecuária , Esplanada dos Ministérios, Bloco D, Anexo B, Brasília/DF, CEP: 70.043-900